There are More Countries... - Statistics

General Stats
  • This quiz has been taken 50 times
  • The average score is 6 of 15
Answer Stats
Question Answer % Correct
That use ____ units. Metric
100%
____ a coastline. With
100%
With a majority of the land ____ the equator. Above
67%
Where ____ is the most popular religion. Christianity
67%
Where ____ is an official language. English
67%
That drive on the ____ side of the road. Right
67%
Whose names are in the ____ half of the English alphabet. First
33%
Where there are ____ than 15,000,000 people. Less
33%
With ____ net migration. Negative
33%
Whose capital city (proper) has ____ 1,000,000 inhabitants. Below
0%
In which the HDI is ____ than 0.700. Greater
0%
With ____ than 5 citizen-owned guns per 100 people. More
0%
That recognize ____ as an independent country. Palestine
0%
With a nominal GDP per capita ____ $7,500. Under
0%
____ a KFC. With
0%
No matching quizzes found
Score Distribution
Percent of People with Each Score
Percentile by Number Answered
Your Score History
You have not taken this quiz